000 00970nam a22002057a 4500
005 20251108164856.0
008 250721s1981 xx 000 0 ara d
082 1 4 _a962.02/أحم
100 1 _aعرابي، أحمد
245 1 0 _aتقرير عن الحوادث التي حصلت في مصر من تاريخ يناير 1881 لغاية شهر أكتوبر 1882 مقدم من طرفي إلى وكيلي الشرعي المستر برود لي ليدافع عني أمام المحكمة المصرية /
264 1 _aالقاهرة :
_bالمركز العربي،
_c1981.
300 _a108ص
490 0 _aالذكرى المئوية للثورة العربية 1881-9881 ؛ 5
500 _aمعه محاضر إستجواب عرابي أمام قومسيون التحقيق اكتوبر / نوفمبر 1882
650 1 7 _aالتاريخ السياسي
650 1 7 _aتاريخ مصر
650 1 7 _aثورة عرابي 1882
942 _2ddc
_cBK
999 _c16433
_d16433